000 01059cam a2200337 i 4500
001 0000883
003 DO-SdBPM
005 20250402121334.0
007 0000883
008 100514s 1994 sp a || 000 f spa
015 _a
017 _a
_b
020 _a8424155246
035 _a
040 _a DO-SdBPM
_bspa
_cBPMSU
_e
080 _a
082 4 _a839.81
_bA544ci 1994
_222
100 1 _aAndersen, Hans Christian
_d1805-1875
240 _aThe wild swans
245 1 4 _aLos cisnes salvajes /
_cHans Christian Andersen ; ilustraciones Juan Alonso Díaz Toledo ; traducción M. Victoria Martínez Vega
_h
260 _aLeón, España :
_bEditorial Everest,
_c1994.
300 _a45 p :
_bil. ;
_c28 cm.
490 0 _aCuentos de hadas
590 _aInventariado, 025/VM
650 4 _aCuentos infantiles daneses
650 4 _a Libros ilustrados para niños
700 1 _aDíaz Toledo, Juan Alonso
_eilustración
700 1 _aMartínez Vega, M. Victoria
_etraductor
910 _aVMateo V. Control de calidad. BPMSU
942 _2ddc
_cBK
999 _c12313
_d12313